000 00624nab a2200169Ia 4500
003 ES-SlBCS
005 20210601133740.0
008 140529s2009 xxu||||| |||| 00| 0 por d
041 _apor
100 1 _aFernandes, Iara
_9209199
245 0 0 _aRepresentaçoes de infância e juventude: fios entretecidos em narrativas de professoras
_c Iara Fernandes, Maria Ângela R. Salvadori, Vivian B. de Silva
650 0 4 _aInfancia
_9123444
700 1 _aSalvadori, Maria Ângela R
_9209200
700 1 _aSilva, Vivian B. de
_9209201
773 0 _tEducaçao e Filosofia
_gvol. 23, nº. 45, 2009, págs. 165-184
_wRev1534
942 _cAR
999 _c601509
_d601509